| 000 | 00948nam a2200241Ia 4500 | ||
|---|---|---|---|
| 003 | OSt | ||
| 005 | 20220923222204.0 | ||
| 006 | a|||||r|||| 00| 0 | ||
| 007 | ta | ||
| 008 | 220922b |||||||| |||| 00| 0 hin d | ||
| 024 | _a203,688 | ||
| 037 | _cTextual | ||
| 040 |
_aARTS _cARTS _bhin |
||
| 041 |
_2hin _ahin |
||
| 082 | _aO157,3NBH1,2, 152K3 | ||
| 100 |
_aभट्टाचार्य, वीरेन्द्रकुमार; भराली, लोकनाथ, अनु. _9166287 |
||
| 245 | 0 | _aमॉं | |
| 246 | _aMaॉan | ||
| 260 |
_aवाराणसी _b हिन्दी प्रचारक पुस्तकालय _c1963 |
||
| 650 |
_aबंगाली साहित्य _9156264 |
||
| 942 |
_hO157,3NBH1,2, 152K3 _cTEXL _2CC |
||
| 999 |
_c354440 _d354440 |
||